APPLIED PHARMACOLOGY FOR THE DENTAL. H (Record no. 3141)

MARC details
000 -LEADER
fixed length control field 00351nam a2200145Ia 4500
008 - FIXED-LENGTH DATA ELEMENTS--GENERAL INFORMATION
fixed length control field 150201s1995 xx 000 0 und d
082 ## - DEWEY DECIMAL CLASSIFICATION NUMBER
Classification number 615.321
Item number A1995B
100 ## - MAIN ENTRY--PERSONAL NAME
Personal name BARBARA
245 ## - TITLE STATEMENT
Title APPLIED PHARMACOLOGY FOR THE DENTAL. H
250 ## - EDITION STATEMENT
Edition statement 3RD
260 ## - PUBLICATION, DISTRIBUTION, ETC. (IMPRINT)
Name of publisher, distributor, etc. MOSBY
Place of publication, distribution, etc. NEW DELHI
Date of publication, distribution, etc. 1995
300 ## - PHYSICAL DESCRIPTION
Extent 1-391
650 ## - SUBJECT ADDED ENTRY--TOPICAL TERM
Topical term or geographic name as entry element PHARMACOLOGY
942 ## - ADDED ENTRY ELEMENTS (KOHA)
Source of classification or shelving scheme Dewey Decimal Classification
Koha item type Books
Holdings
Withdrawn status Lost status Source of classification or shelving scheme Damaged status Not for loan Home library Current library Date acquired Source of acquisition Cost, normal purchase price Serial Enumeration / chronology SGTU Bill Number Total Checkouts Full call number Barcode Date last seen Bill Date Koha item type
    Dewey Decimal Classification     SGT Dental Library SGT Dental Library 09/03/2005 U.B.S.DELHI 39.07 1 SGTU 1305   615.321 A1995B FD3038 09/02/2015 09/04/2012 Books